000 00360 a2200169 4500
001 184568
020 _a85-262-2021-7
040 _cMagnum
100 _aCarr, Stella
240 1 0 _aA coisa invisível
_lpor
245 1 0 _aA coisa invisível
300 _a96
362 0 _a1992
440 1 _aScipione
697 _aLITERATURA INFANTO-JUVENIL
942 _cBK
999 _c184568
_d184568